| 000 | 02091nam a2200397 i 4500 | ||
|---|---|---|---|
| 001 | 000038716 | ||
| 003 | DO-SdBNP | ||
| 005 | 20260116105540.0 | ||
| 007 | ta | ||
| 008 | 101006s1999 dr 001 0 spa d | ||
| 040 |
_aDO-SdBNP _bspa _cBNPHU _erda |
||
| 041 | _aspa | ||
| 082 | 4 |
_a302 _bM516p 1999 _222 |
|
| 100 | 1 |
_a Mejía-Ricart G., Tirso, _d1936-2021 _q(Mejía-Ricart Guzmán) _91569 _4aut. _eautor |
|
| 245 | 1 | 0 |
_aPsicología social y sus aplicaciones : _bpsicología social básica / _cTirso Mejía Ricart. |
| 250 | _aSegunda edición | ||
| 264 |
_aSanto Domingo, República Dominicana : _bUASD: _bFundación Mejía Ricart-Guzmán Boom, _c1999. |
||
| 300 |
_avolumen _c23 cm. |
||
| 490 | 1 |
_aColección textos básicos ; _v4 |
|
| 490 | 1 |
_aSalud y sociedad ; _v21 |
|
| 490 | 1 |
_aPublicaciones de la Universidad Autónoma de Santo Domingo _v768 |
|
| 500 | _aIncluye índice | ||
| 500 | _aLa biblioteca posee el v. 1 | ||
| 500 | _aIncluye índice | ||
| 505 | 0 |
_gv.1 _tPsicología social básica -- _tLas bases de la psicología básica -- _tLas actitudes y los procesos psicosociales -- _tLa conducta colectiva -- _tConducta desviada y problemas sociales -- _tEl comportamiento desviado -- _tDesviaciones que afectan primariamente a los individuos -- _tDesviaciones que afectan fundamentalmente el orden familiar -- _tDesviciones que afectan directamente a la comunidad -- _tPsicología social aplicada -- _tPerspectivas y recursos de la psicologia social aplicada -- _tLa psicología social aplicada a los servicios sociales y a las artes -- _tPsicologia aplicada a la vida economica -- _tLa psicologia politica y juridica -- |
|
| 590 | _aInventariado, 2018/VM | ||
| 650 | 0 |
_aPsicología social _91574 |
|
| 650 | 0 |
_aPsicología aplicada _91579 |
|
| 650 | 0 |
_aActitud (Psicología) _9852 |
|
| 650 | 0 |
_aConducta colectiva _912036 |
|
| 830 | 0 |
_aColección textos básicos; _n4 _965022 |
|
| 830 | 0 |
_aSalud y sociedad ; _n21 _965023 |
|
| 830 | 0 |
_aPublicaciones de la Universidad Autónoma de Santo Domingo _n768 _965024 |
|
| 910 | _aValidado. Control de calidad MFF | ||
| 942 |
_2ddc _cLBS1 |
||
| 999 |
_c38206 _d38206 |
||